Guatemala

Guardat en:
Dades bibliogràfiques
Format: Text
Matèries:
Etiquetes: Afegir etiqueta
Sense etiquetes, Sigues el primer a etiquetar aquest registre!

MARC

LEADER 00000 a a2200000 04500
001 44460
003
040
245 |a Guatemala  
650 |a RELIGION  
650 |a IGLESIA  
650 |a POLITICA  
650 |a GUATEMALA  
773 |g volumen7, número34 (1983), Página 531  
999 |c 22227  |d 22227